=LDR 00000nam 2200000 4500 =001 INLIS000000000037474 =005 20201216021045 =035 ##$$a 0010-061300000037474 =007 ta =008 201216################g##########0#ind## =020 ##$$a 978-979-22-4671-1 =082 ##$$a 324.707 3 =084 ##$$a 324.707 3 THO a =100 1#$$a Thomas, Evan =245 1#$$a A long time coming : $b Kampanye Inspiratif dan sengit di tahun 2008 kemenangan Obama yang bersejarah /$c Evan Thomas =260 ##$$a Jakarta :$b Gramedia,$c 2009 =300 ##$$a xx, 246 hlm. : $b ilus ; $c 14x21 cm. =650 #4$$a Kampanye - Ameriaka Serikat =990 ##$$a 21104944 =990 ##$$a 21104945 =990 ##$$a 21104943